| 000 | 00486nam a2200181Ia 4500 | ||
|---|---|---|---|
| 003 | OSt | ||
| 005 | 20250205123558.0 | ||
| 008 | 210210b1944 xxu||||| |||| 00| 0 eng d | ||
| 040 | _cAL | ||
| 041 | _akan | ||
| 082 | _a859/979 | ||
| 100 |
_aNADIGERA KRASHNARAYA _9145646 _dನಾಡಿಗೇರ ಕೃಷ್ಣರಾಯ |
||
| 245 |
_aTale harate: _bತಲೆ ಹರಟೆ |
||
| 260 |
_aBengaluru _b- _c1944 |
||
| 690 |
_aKannada Fiction _9145647 |
||
| 906 | _a021729 | ||
| 942 |
_2ddc _cBK |
||
| 999 |
_c145829 _d145829 |
||